|
|
|
|
| LEADER |
01677nam a2200397 i 4500 |
| 001 |
EBC6412065 |
| 003 |
MiAaPQ |
| 005 |
20220526133552.0 |
| 006 |
m o d | |
| 007 |
cr cnu|||||||| |
| 008 |
220526s2014 fr ob 000 0 spa d |
| 020 |
|
|
|z 9789264209466
|q (print)
|
| 020 |
|
|
|a 9789264209558
|q (electronic bk.)
|
| 035 |
|
|
|a (MiAaPQ)EBC6412065
|
| 035 |
|
|
|a (Au-PeEL)EBL6412065
|
| 035 |
|
|
|a (OCoLC)1225548611
|
| 040 |
|
|
|a MiAaPQ
|b eng
|e rda
|e pn
|c MiAaPQ
|d MiAaPQ
|
| 043 |
|
|
|a s-ck---
|
| 050 |
|
4 |
|a HE8014
|b .O743 2014
|
| 082 |
0 |
|
|a 384.09866
|2 23
|
| 110 |
2 |
|
|a Organisation for Economic Co-operation and Development,
|e author.
|
| 245 |
1 |
0 |
|a Estudio de la OCDE sobre politicas y regulacion de telecomunicaciones en Colombia /
|c OCDE.
|
| 264 |
|
1 |
|a Paris :
|b OCDE,
|c [2014]
|
| 264 |
|
4 |
|c Ã2014
|
| 300 |
|
|
|a 1 online resource (184 pages)
|
| 336 |
|
|
|a text
|b txt
|2 rdacontent
|
| 337 |
|
|
|a computer
|b c
|2 rdamedia
|
| 338 |
|
|
|a online resource
|b cr
|2 rdacarrier
|
| 504 |
|
|
|a Includes bibliographical references.
|
| 588 |
|
|
|a Description based on print version record.
|
| 590 |
|
|
|a Electronic reproduction. Ann Arbor, MI : ProQuest, 2018. Available via World Wide Web. Access may be limited to ProQuest affiliated libraries.
|
| 650 |
|
0 |
|a Telecommunication
|z Colombia.
|
| 655 |
|
4 |
|a Electronic books.
|
| 776 |
0 |
8 |
|i Print version:
|a Organisation de Cooperation et de Developpement Economiques.
|t Estudio de la OCDE sobre politicas y regulacion de telecomunicaciones en Colombia.
|d Paris : OCDE, c2014
|h 184 pages
|z 9789264209466
|
| 797 |
2 |
|
|a ProQuest (Firm)
|
| 856 |
4 |
0 |
|u https://ebookcentral.proquest.com/lib/matrademy/detail.action?docID=6412065
|z Click to View
|